Judiciary watch report : (Record no. 3068)
[ view plain ]
| 000 -LEADER | |
|---|---|
| fixed length control field | 01000cam a2200313 a 4500 |
| 001 - CONTROL NUMBER | |
| control field | 14194081 |
| 003 - CONTROL NUMBER IDENTIFIER | |
| control field | OSt |
| 005 - DATE AND TIME OF LATEST TRANSACTION | |
| control field | 20230629133006.0 |
| 008 - FIXED-LENGTH DATA ELEMENTS--GENERAL INFORMATION | |
| fixed length control field | 051209s2005 ke b 000 0 eng |
| 010 ## - LIBRARY OF CONGRESS CONTROL NUMBER | |
| LC control number | 2005326958 |
| 020 ## - INTERNATIONAL STANDARD BOOK NUMBER | |
| International Standard Book Number | 9966958983 |
| 040 ## - CATALOGING SOURCE | |
| Original cataloging agency | DLC |
| Transcribing agency | DLC |
| Modifying agency | DLC |
| 042 ## - AUTHENTICATION CODE | |
| Authentication code | lcode |
| 043 ## - GEOGRAPHIC AREA CODE | |
| Geographic area code | f-ke--- |
| 050 00 - LIBRARY OF CONGRESS CALL NUMBER | |
| Classification number | KSK470 |
| Item number | .J833 2005 |
| 082 00 - DEWEY DECIMAL CLASSIFICATION NUMBER | |
| Classification number | 347.6762 |
| Edition number | 22 |
| Item number | KIL |
| 245 00 - TITLE STATEMENT | |
| Title | Judiciary watch report : |
| Remainder of title | judicial reform in Kenya, 1/2005 / |
| Statement of responsibility, etc. | edited by Philip Kichana. |
| 250 ## - EDITION STATEMENT | |
| Edition statement | 3rd ed. |
| 260 ## - PUBLICATION, DISTRIBUTION, ETC. (IMPRINT) | |
| Place of publication, distribution, etc. | Nairobi : |
| Name of publisher, distributor, etc. | Kenya Section of the International Commmission of Jurisits, |
| Date of publication, distribution, etc. | c2005. |
| 300 ## - PHYSICAL DESCRIPTION | |
| Extent | vi, 180 p. ; |
| Dimensions | 21 cm. |
| 440 #0 - SERIES STATEMENT/ADDED ENTRY--TITLE | |
| Title | Judiciary watch series ; |
| Volume/sequential designation | no. 3 |
| 504 ## - BIBLIOGRAPHY, ETC. NOTE | |
| Bibliography, etc | Includes bibliographical references. |
| 650 #0 - SUBJECT ADDED ENTRY--TOPICAL TERM | |
| Topical term or geographic name as entry element | Justice, Administration of |
| Geographic subdivision | Kenya. |
| 650 #0 - SUBJECT ADDED ENTRY--TOPICAL TERM | |
| Topical term or geographic name as entry element | Law reform |
| Geographic subdivision | Kenya. |
| 700 1# - ADDED ENTRY--PERSONAL NAME | |
| Personal name | Kichana, Philip. |
| 906 ## - LOCAL DATA ELEMENT F, LDF (RLIN) | |
| a | 7 |
| b | cbc |
| c | origode |
| d | 2 |
| e | ncip |
| f | 20 |
| g | y-gencatlg |
| 942 ## - ADDED ENTRY ELEMENTS (KOHA) | |
| Source of classification or shelving scheme | Dewey Decimal Classification |
| Koha item type | Books |
| Withdrawn status | Lost status | Source of classification or shelving scheme | Damaged status | Not for loan | Home library | Current library | Date acquired | Total Checkouts | Full call number | Barcode | Date last seen | Price effective from | Koha item type |
|---|---|---|---|---|---|---|---|---|---|---|---|---|---|
| Dewey Decimal Classification | County Hall Archives | County Hall Archives | 06/29/2023 | 347.6762 KIL | 10000095 | 06/29/2023 | 06/29/2023 | Books | |||||
| Dewey Decimal Classification | County Hall Archives | County Hall Archives | 06/29/2023 | 347.6762 KIL | 10011772 | 06/29/2023 | 06/29/2023 | Books | |||||
| Dewey Decimal Classification | County Hall Archives | County Hall Archives | 06/29/2023 | 347.6762 KIL | 10011771 | 06/29/2023 | 06/29/2023 | Books |
